00998nam a22002657a 45000010005000000030006000050050017000110080041000280200018000690400029000870500015001160820011001311000033001422450140001752500041003152600037003563000045003935050007004385200135004455210018005805210018005986500036006166500040006527000040006927294FISKH20250708151340.0250708b cb ||||| |||| 00| 0 eng d a9780064441711 aFISKHbengcFISKHdFISKH aPZ7.P219 T a813.54 aParish, Peggyd(1927–1988) aThank you, Amelia Bedelia /cStory by Peggy Parish ; Pictures by Barbara Siebel Thomas ; Based on the original drawings by Fritz Siebel aThis edition first published in 1964 aNew York :bHarperCollins,c1964 a64 pages :bcolor illustrations ;c23 cm aL  aPreparing for the arrival of an important visitor, a wacky housekeeper follows her employer's instructions with humorous results. 8 a510 bLexile 8 aL bRaz-Plus  2Early readera Humorous stories 2Amelia BedeliaaFigurative language aThomas, Siebel Barbaradillustrator